Music Quiz

Random Music or Lyrics Quiz
Score 0/299 Timer 10:00
1 Play Today
% Correct
in
98.2%
I
97.9%
I
97.9%
I
97.9%
I
97.9%
I
97.9%
I
97.9%
I
97.9%
I
97.9%
I
97.9%
I
97.9%
I
97.9%
in
97.5%
in
97.5%
a
97.1%
a
97.1%
a
97.1%
a
97.1%
a
97.1%
a
97.1%
the cat's
95.1%
and
95%
And
95%
and
95%
And
95%
and
95%
and
95%
And
95%
and
95%
and
95%
and
95%
And
95%
the cradle
94.5%
you,
92.9%
You
92.9%
you.'
92.9%
you
92.9%
You
92.9%
you
92.9%
You
92.9%
you.
92.9%
you
92.9%
you
92.9%
you,
92.9%
you
92.9%
You
92.9%
you,
92.9%
you.'
92.9%
to
91.9%
to
91.9%
to
91.9%
to
91.9%
to
91.9%
to
91.9%
to
91.9%
to
91.9%
to
91.9%
to,
91.9%
to
91.9%
to
91.9%
to
91.9%
Boy
91.4%
boy
91.4%
the man
91.3%
the silver
90.7%
Dad/Son?*
90.1%
son/dad.*
90.1%
spoon,
90%
the moon.
89.9%
Little
88.4%
know
87.9%
know
87.9%
know
87.9%
know
87.9%
man
87.9%
When
87.4%
when,
87.4%
So
86.1%
then,
84.9%
then.
84.9%
then
84.9%
don't
84.6%
don't
84.6%
do.'
84.4%
you'll/we'll*
84.3%
Dad.
84.2%
Dad.
84.2%
Dad,
84.2%
Dad,
84.2%
Dad.
84.2%
Blue
83.8%
have
83.8%
have
83.8%
have
83.8%
we'll
83.6%
[Chorus] Well,
83.6%
be
82.8%
be
82.8%
be
82.8%
be
82.8%
% Correct
home,
82.4%
but
82.3%
but
82.3%
but
82.3%
but
82.3%
son
82.3%
'Son,
82.3%
just
81.7%
just
81.7%
just
81.7%
just
81.7%
just
81.7%
just
81.7%
just
81.7%
He
81.7%
He
81.7%
he
81.7%
he
81.7%
He
81.7%
He
81.7%
he
81.7%
he
81.7%
He
81.7%
He
81.7%
he
81.7%
the time.
81.6%
time
81.4%
comin'
80%
me
79.4%
me:
79.4%
me.
79.4%
me. [Chorus]
79.4%
like
79.4%
like
79.4%
like
79.4%
like
79.4%
like
79.4%
like,
79.4%
like
79.4%
like
79.4%
like
79.4%
together
79.2%
My
79.2%
My
79.2%
My
79.2%
my
79.2%
My
79.2%
get
78.1%
day.
78%
day.
78%
day.
78%
day.
78%
good
77.6%
the other
75.9%
the other
75.9%
the other
75.9%
the other
75.9%
was
74.7%
was
74.7%
was
74.7%
said,
70.9%
said,
70.9%
said,
70.9%
said,
70.9%
said
70.9%
said,
70.9%
said,
70.9%
it,
70.6%
it
70.6%
Can
70%
Can
70%
Can
70%
can
70%
came
68.4%
came
68.4%
on,
67.4%
'I'm
67%
I'm
67%
'I'm
67%
I'm
67%
I'm
67%
up
65.8%
up
65.8%
up
65.8%
gonna
65.2%
gonna
65.2%
gonna
65.2%
gonna
65.2%
'fore
64.7%
See
63.4%
see
63.4%
see
63.4%
say
63.1%
say,
63.1%
them
62.9%
for
62.4%
for
62.4%
way,
62.1%
him,
60.8%
him.'
60.8%
% Correct
him
60.8%
talkin'
59.8%
had
59.3%
the car
58.9%
while
58.8%
while?'
58.8%
the usual
58.7%
there
58.7%
away.
58.2%
away
58.2%
away.
58.2%
as
58.2%
as
58.2%
play.
58%
were
57.5%
child
57.3%
the world
56.8%
is
56.4%
keys.
56.3%
Come
55.9%
of
55.8%
the kids
55.7%
I'd
55.3%
'I'd
55.3%
'I'd
55.3%
it's
55.3%
It's
55.3%
with
55.2%
catch
54.9%
bills
54%
pay.
54%
walk
53.7%
nice
53.7%
nice
53.7%
love
53.6%
if
53.5%
if
53.5%
please?'
53.2%
the ball,
52.8%
sure
52.6%
sure
52.6%
grown
52.4%
the flu,
52%
talking
51.3%
talking
51.3%
arrived
51.3%
got
51.3%
been
51.2%
'Not
50.5%
much
50.3%
knew
49.7%
he'd
49.4%
he'd
49.4%
turned
49.4%
smile
49.3%
smile,
49.3%
throw?'
49.3%
let's
49.2%
learned
49%
borrow
48.4%
'What
48.4%
from
48.2%
college
48.2%
proud
48.2%
grew,
48%
later.
47.7%
called
47.5%
lot
47.3%
planes
47.3%
OK.'
47.2%
teach
47.1%
job's
46.5%
'That's
46.4%
the phone,
46.4%
sit
46.3%
hung
45.8%
find
45%
today.
44.5%
new
44.2%
ten
44%
really
43.7%
his
43.3%
his
43.3%
occurred
43.2%
mind.'
41%
'Thanks
40.9%
hassle,
40.5%
walked
39.3%
yeah.
36.4%
head
33.2%
moved
33.1%
shook
32.2%
[Chorus] I've
29%
son's
28.3%
never
28.2%
long
27.7%
since
25.3%
retired.
24.6%
dimmed,
16.9%
Remove Ads.
Support Sporcle.
Get the best of Sporcle when you Go Orange. This ad-free experience offers more features, more stats, and more fun while also helping to support Sporcle. Thank you for becoming a member.

You're not logged in!

Compare scores with friends on all Sporcle quizzes.
OR
Log In

Show Comments

Extras

Top Quizzes Today


Score Distribution

Your Account Isn't Verified!

In order to create a playlist on Sporcle, you need to verify the email address you used during registration. Go to your Sporcle Settings to finish the process.

Report this User

Report this user for behavior that violates our Community Guidelines.

Details: